| 000 | 00512nam a2200181Ia 4500 | ||
|---|---|---|---|
| 999 |
_c16547 _d16547 |
||
| 003 | OSt | ||
| 005 | 20200606115937.0 | ||
| 008 | 190216s9999||||xx |||||||||||||| ||und|| | ||
| 020 | _a8188287052 | ||
| 040 | _cMESKC library | ||
| 082 |
_a641.5 _bCHO/U |
||
| 100 |
_aChopra, Seema _9183 |
||
| 245 | 0 |
_aUttam Swasthiya Santulit Bhojan / _cSeema Chopra |
|
| 260 |
_bChopra Book Corner, _c2007. _aJaipur : |
||
| 300 | _a64p | ||
| 650 | _aHindi | ||
| 942 |
_cBK _2ddc _h641.5 _iCHO/U _k641.5 _mCHO/U |
||